000 01090cam a2200229 4500
001 ABS65038
008 020128n2001 000 0 eng u
035 _a(Sirsi) u116508
100 _aForrest, E
245 _aPapering over CDM regs
260 _c2001
490 _aConstruction News
_v(6746) 13 December 2001, 10-11(2)
520 _aExamines the effect of the CDM regulations: since their introduction in 1994 accident rates have continued to rise and recently government published new user-friendly guidelines. The CDM regulations have raised awareness of health and safety but they have also created more paperwork and costs. It will remain to be seen whether the clearer layout of the new guidelines will help employers and reduce accidents, costs and paperwork.
590 _aABS
650 _aCONSTRUCTION (DESIGN AND MANAGEMENT) REGULATIONS 1994
650 _aCONSTRUCTION (DESIGN AND MANAGEMENT) REGULATIONS 1994
650 _aAPPROVED CODE OF PRACTICE
650 _aACCIDENT RATE
650 _aACCIDENTS AT WORK
690 _aHealth and safety
_96244
942 _n0
999 _c69376
_d69376